IIIT Kottayam Logo
Indian Institute of Information Technology Kottayam
भारतीय सूचना प्रौद्योगिकी संस्थान कोट्टायम
Library Catalogue

A first look at rigorous probability theory (Record no. 2836)

MARC details
000 -LEADER
fixed length control field 01085nam a22002057a 4500
020 ## - INTERNATIONAL STANDARD BOOK NUMBER
ISBN 9789812703712
082 00 - DEWEY DECIMAL CLASSIFICATION NUMBER
Classification number 519.2
Item number ROSE/F
100 1# - MAIN ENTRY--AUTHOR NAME
Personal name Rosenthal, Jeffrey S.
245 12 - TITLE STATEMENT
Title A first look at rigorous probability theory
250 ## - EDITION STATEMENT
Edition statement 2nd ed.
260 ## - PUBLICATION, DISTRIBUTION, ETC. (IMPRINT)
Place of publication Singapore ;
Name of publisher World Scientific,
Year of publication 2019
300 ## - PHYSICAL DESCRIPTION
Number of Pages xvi, 219 p. :
Other physical details ill. ;
504 ## - BIBLIOGRAPHY, ETC. NOTE
Bibliography, etc Includes bibliographical references (p. 209-211) and index.
505 0# - FORMATTED CONTENTS NOTE
Formatted contents note The need for measure theory -- Probability triples -- Further probabilistic foundations -- Expected values -- Inequalities and convergence -- Distributions of random variables -- Stochastic processes and gambling games -- Discrete Markov chains -- More probability theorems -- Weak convergence -- Characteristic functions -- Decomposition of probability laws -- Conditional probability and expectation -- Martingales -- General stochastic processes -- Mathematical background.
650 #0 - SUBJECT ADDED ENTRY--TOPICAL TERM
Topical Term Probabilities.
650 #0 - SUBJECT ADDED ENTRY--TOPICAL TERM
Topical Term Measure theory.
650 #0 - SUBJECT ADDED ENTRY--TOPICAL TERM
Topical Term Probability measures.
856 41 - ELECTRONIC LOCATION AND ACCESS
Uniform Resource Identifier http://www.loc.gov/catdir/toc/fy0802/2007280482.html
942 ## - ADDED ENTRY ELEMENTS (KOHA)
Koha item type Books
Holdings
Withdrawn status Lost status Damaged status Not for loan Permanent Location Current Location Shelving location Date acquired Source of acquisition Cost, normal purchase price Full call number Accession Number Price effective from Koha item type Copy number
      Not For Loan IIIT Kottayam Central Library IIIT Kottayam Central Library Reference 29/04/2026 Feel Books, D/CRB25-26/2008 dtd 31/03/2026 1095.00 519.2 ROSE/F 3281 29/04/2026 Reference  
        IIIT Kottayam Central Library IIIT Kottayam Central Library General Stacks 29/04/2026 Feel Books, D/CRB25-26/2008 dtd 31/03/2026 1095.00 519.2 ROSE/F 3282 29/04/2026 Books 1

IIIT Kottayam Central Library,Valavoor.P.O, Kottayam-686635,Kerala | Phone: 0482-2202104, Mobile: 9961452785| library@iiitkottayam.ac.in

Visit counter For Websites

Visitor Count: 0